Modifizierung und Auswertung bewegungskompensierter 4D-Rekonstruktion für Kegelstrahl-Computertomographieaufnahmen in der Strahlentherapie

Saved in:
Bibliographic Details
Main Author: Susenburger, Markus (Author)
Format: Book/Monograph Thesis
Language:German
Published: Heidelberg [2022?]
Subjects:
Online Access: Get full text
Author Notes:eingereicht von Markus Susenburger ; Gutachter: Prof. Dr. Peter Bachert, Prof. Dr. Marc Kachelrieß

MARC

LEADER 00000cam a2200000 c 4500
001 1815239263
003 DE-627
005 20230427000326.0
007 tu
008 220826s2022 gw ||||| m 00| ||ger c
035 |a (DE-627)1815239263 
035 |a (DE-599)KXP1815239263 
035 |a (OCoLC)1342253259 
040 |a DE-627  |b ger  |c DE-627  |e rda 
041 |a ger 
044 |c XA-DE-BW 
082 0 |a 616.075  |q DE-101 
082 0 4 |a 610  |q DE-101 
084 |a 29  |2 sdnb 
084 |a 33  |2 sdnb 
100 1 |a Susenburger, Markus  |d 1992-  |e VerfasserIn  |0 (DE-588)1261831926  |0 (DE-627)1809126339  |4 aut 
245 1 0 |a Modifizierung und Auswertung bewegungskompensierter 4D-Rekonstruktion für Kegelstrahl-Computertomographieaufnahmen in der Strahlentherapie  |c eingereicht von Markus Susenburger ; Gutachter: Prof. Dr. Peter Bachert, Prof. Dr. Marc Kachelrieß 
246 1 |i Übersetzung des Titels  |a Modification and evaluation of motion-compensated reconstruction for short 4D cone-beam CT scans in radiotherapy 
264 1 |a Heidelberg  |c [2022?] 
300 |a XIII, 61 Seiten  |b Illustrationen, Diagramme 
336 |a Text  |b txt  |2 rdacontent 
337 |a ohne Hilfsmittel zu benutzen  |b n  |2 rdamedia 
338 |a Band  |b nc  |2 rdacarrier 
502 |b Dissertation  |c Ruprechts-Karl Universität von Heidelberg  |d 2022 
546 |a Zusammenfassungen in deutscher und englischer Sprache 
655 7 |a Hochschulschrift  |0 (DE-588)4113937-9  |0 (DE-627)105825778  |0 (DE-576)209480580  |2 gnd-content 
700 1 |a Bachert, Peter  |e AkademischeR BetreuerIn  |0 (DE-588)1103529633  |0 (DE-627)861285824  |0 (DE-576)251203298  |4 dgs 
710 2 |a Universität Heidelberg  |e Grad-verleihende Institution  |0 (DE-588)2024349-2  |0 (DE-627)102161488  |0 (DE-576)191769517  |4 dgg 
751 |a Heidelberg  |0 (DE-588)4023996-2  |0 (DE-627)106300814  |0 (DE-576)208952578  |4 uvp 
776 0 8 |i Erscheint auch als  |n Online-Ausgabe  |a Susenburger, Markus, 1992 -   |t Modifizierung und Auswertung bewegungskompensierter 4D-Rekonstruktion für Kegelstrahl-Computertomographieaufnahmen in der Strahlentherapie  |d Heidelberg, 2022  |h 1 Online-Ressource (75 Seiten)  |w (DE-627)1809125472 
951 |a BO 
992 |a 20220829 
993 |a Thesis 
998 |g 1261831926  |a Susenburger, Markus  |m 1261831926:Susenburger, Markus  |d 130000  |d 130001  |e 130000PS1261831926  |e 130001PS1261831926  |k 0/130000/  |k 1/130000/130001/  |p 1  |x j  |y j 
999 |a KXP-PPN1815239263  |e 4183350743 
BIB |a Y 
JSO |a {"name":{"displayForm":["eingereicht von Markus Susenburger ; Gutachter: Prof. Dr. Peter Bachert, Prof. Dr. Marc Kachelrieß"]},"corporate":[{"display":"Universität Heidelberg","role":"dgg"}],"origin":[{"dateIssuedDisp":"[2022?]","dateIssuedKey":"2022","publisherPlace":"Heidelberg"}],"language":["ger"],"person":[{"display":"Susenburger, Markus","role":"aut","given":"Markus","family":"Susenburger"},{"family":"Bachert","given":"Peter","role":"dgs","display":"Bachert, Peter"}],"title":[{"title_sort":"Modifizierung und Auswertung bewegungskompensierter 4D-Rekonstruktion für Kegelstrahl-Computertomographieaufnahmen in der Strahlentherapie","title":"Modifizierung und Auswertung bewegungskompensierter 4D-Rekonstruktion für Kegelstrahl-Computertomographieaufnahmen in der Strahlentherapie"}],"titleAlt":[{"title":"Modification and evaluation of motion-compensated reconstruction for short 4D cone-beam CT scans in radiotherapy"}],"type":{"bibl":"thesis"},"physDesc":[{"extent":"XIII, 61 Seiten","noteIll":"Illustrationen, Diagramme"}],"recId":"1815239263","noteThesis":["Dissertation. - Ruprechts-Karl Universität von Heidelberg. - 2022"],"id":{"eki":["1815239263"]}} 
SRT |a SUSENBURGEMODIFIZIER2022